Charakteristika ekonomiky Slovinska diplomová práca

Guardado en:
Detalles Bibliográficos
Autor principal: Erősová, Tamara
Autor Corporativo: Fakulta medzinárodných vzťahov EU. Katedra medzinárodných ekonomických vzťahov a hospodárskej diplomacie
Otros Autores: Hniličan, Vladimír
Formato: Libro
Lenguaje:eslovaco
Publicado: Bratislava 2009
Etiquetas: Agregar Etiqueta
Sin Etiquetas, Sea el primero en etiquetar este registro!

MARC

LEADER 00000nam$a2200000$$$4500
001 0104577
005 20240318140841.2
041 0 |a slo 
044 |a SK 
245 1 0 |a Charakteristika ekonomiky Slovinska  |b diplomová práca  |c Tamara Erősová ; škol. Vladimír Hniličan 
264 1 |a Bratislava  |c 2009 
300 |a 103 s. 
100 1 |a Erősová, Tamara 
700 1 |a Hniličan, Vladimír 
710 2 |a Fakulta medzinárodných vzťahov EU. Katedra medzinárodných ekonomických vzťahov a hospodárskej diplomacie